000 00434nam a2200169Ia 4500
008 131103s9999 xx 000 0 und d
040 _aLoreto College
041 _aEnglish
082 _aF/SIN
_bLCBED/6383
100 _aSinger, Isaac Bashevis
245 4 _aThe slave
_cIsaac Bashevis Singer
260 _aEngland
_bPenguin
_c1979
300 _a235p.
_c 18cm.
650 _aEnglish fiction
850 _aLCBED/F/SIN
942 _cBK
999 _c33126
_d83605